00673 2200229 4500001002100000005001500021035002000036245011000056100002900166250001000195300002100205700003000226264003400256336002100290337003000311338002300341082001400364084002100378020001400399650002000413990001000433INLIS00000000000036820220620024724 a0010-06220003651 aHeartbeat : tidak bisakah kau hanya memedulikan dan memerhatikanku? -Yang mencintaimu... /cOrina Fazrina0 aOrina FazrinaePengarang acet.2 a216 hlm ;c19 cm0 aCicilia PrimaePenyunting aJakarta :bPT Grasindo,c2017 2rdacontentaTeks 2rdamediaaTanpa Perantara 2rdacarrieraVolume a899.221 3 a899.221 3 ORI h a899.221 3 4aFiksi Indonesia a21.41